| 000 | 00344nam a22001217a 4500 | ||
|---|---|---|---|
| 999 |
_c1958 _d1958 |
||
| 008 | 200207b ||||| |||| 00| 0 eng d | ||
| 110 |
_91558 _aNautical Institute |
||
| 245 | 1 | 0 |
_aMaritime education and training _cby Nautical Institute |
| 260 |
_aEngland _bNautical Institute _c1997 |
||
| 300 | _a332p. | ||
| 650 | 0 | _aNaval Architecture | |
| 942 | _cBK | ||